000 00518nam a2200169 4500
001 123824
003 ES-MaACL
005 20230906192242.0
007 t|
008 070214s1964 sp r ||||1| spa d
100 1 _aRamírez, José.
_995096
245 1 0 _aTipología
_b: una nueva clasificación de los tipos sicológicos sobre una base filosófica /
_cJosé Ramírez, Pbro.
250 _a1ª ed.
260 _aPamplona :
_bAranzadi,
_c1964.
300 _a219 p. ;
_c19 cm.
852 _aES-MaACL
_jC-25697
_bR.53958
999 _c123824
_d123824